000 00784nam a2200253 a 4500
001 000028231
003 DO-SdBNP
005 20240213100003.0
008 110407s1998 mx a 000 | spa d
020 _a968403945X
040 _aDO-SdBNP
_bspa
_cBPMSU
082 4 _a616.857
_bH582m 1996
_222
100 1 _aHerzberg, Eileen
245 1 3 _aLa migraña :
_bun tratamiento integral, seguro y efectivo /
_cEileen Herzberg ; traducción Tanya Huntington
260 _aMéxico :
_bSelector,
_c1998
300 _a190 p. ;
_c21 cm.
_b
490 0 _aSalud y belleza
590 _aInventariado,2024/VM
650 4 _aMigraña
_xFarmacología
650 4 _aMigraña
_xPrevención.
700 1 _aHuntington, Tanya
_etr.
910 _aVMateo V. Control de calidad. BPMSU
942 _2ddc
_cBK
999 _c14565
_d14565